skbl

Dr Suryya Kumar Bhuyan Library Web-OPAC
ডঃ সূৰ্য্য
কুমাৰ ভূঞা পুথিভঁৰাল ৱেব-অ'পেক

All Research Scholars are advised to clear the annual library fees to continue using Library Resources, Remote Access, Plagiarism Test and Library Clearance.

Cotton University Book Fair 2026

Surjyastar Hengul Kiran (Record no. 63695)

MARC details
000 -LEADER
fixed length control field 00470nam a2200169Ia 4500
001 - CONTROL NUMBER
control field 62588
008 - FIXED-LENGTH DATA ELEMENTS--GENERAL INFORMATION
fixed length control field 171109n ii |||gr||||Z||||||465
041 ## - LANGUAGE CODE
Language code of text/sound track or separate title 465
082 ## - DEWEY DECIMAL CLASSIFICATION NUMBER
Classification number 891.4138
100 ## - MAIN ENTRY--PERSONAL NAME
Personal name Thakur, Robindra Nath ,
Relator term Author.
245 #0 - TITLE STATEMENT
Title Surjyastar Hengul Kiran
Statement of responsibility, etc. by Robindra Nath Thakur
Medium Textual Documents
260 ## - PUBLICATION, DISTRIBUTION, ETC.
Place of publication, distribution, etc. Guwahati
Name of publisher, distributor, etc. Ajir prathinidhi publication
300 ## - PHYSICAL DESCRIPTION
Extent 168p:
Dimensions 19cm.
653 ## - INDEX TERM--UNCONTROLLED
Uncontrolled term G-Assamese
653 ## - INDEX TERM--UNCONTROLLED
Uncontrolled term Assamese stories
942 ## - ADDED ENTRY ELEMENTS (KOHA)
Source of classification or shelving scheme Dewey Decimal Classification
Koha item type Books
Holdings
Withdrawn status Lost status Damaged status Not for loan Collection Home library Current library Shelving location Date acquired Coded location qualifier Total checkouts Full call number Barcode Date last seen Copy number Price effective from Koha item type
          Dr. Suryya Kumar Bhuyan Library Dr. Suryya Kumar Bhuyan Library   09/11/2017 00000   891.4138 Th 32 Su 2931/el 14/01/2024 1 09/11/2017 Books

Designed and Maintained by Team SKBL
©1901-2026

Powered by Koha